| 000 | 00580nam a2200205Ii 4500 | ||
|---|---|---|---|
| 001 | 6878 | ||
| 003 | CO-ViMGA | ||
| 008 | 241108s9999||||xx |||||||||||||| ||und|| | ||
| 040 |
_aCO-ViMGA _bspa _erda _cCO-ViMGA |
||
| 041 | 0 | _aspa | |
| 082 | 0 | 4 | _aCo861 A643 |
| 100 | 1 |
_aSilvia Aponte _952165 |
|
| 245 | 1 | 0 | _aTierra, aire y fuego |
| 264 | 1 | _aBogotá, Colombia : Imprenta Departamental, 1991 | |
| 300 | _avolumen | ||
| 336 |
_atext _btxt _2rdacontent |
||
| 337 |
_aunmediated _bn _2rdamedia |
||
| 338 |
_avolume _bnc _2rdacarrier |
||
| 940 | _aidficha_siabuc: 6721. -- ficha_no_siabuc:6878 | ||
| 999 |
_c46936 _d46936 |
||